Statistics for G Subdivisions - Easy

Click here to take the quiz!

General Stats

  • This quiz has been taken 18 times
    (10 since last reset)
  • The average score is 45 of 154

Answer Stats

HintAnswer% Correct
SwitzerlandGeneva
100%
United StatesGeorgia
100%
BotswanaGaborone
75%
EcuadorGalapagos
75%
BurundiGitega
75%
NicaraguaGranada
75%
DenmarkGreenland
75%
St. Vincent and the GrenadinesGrenadines
75%
United StatesGuam
75%
GuatemalaGuatemala
75%
Ireland (City) | Ireland (County)Galway
50%
ChinaGansu
50%
FranceGuadeloupe
50%
CubaGuantanamo
50%
Papua New GuineaGulf
50%
TunisiaGabes
25%
BulgariaGabrovo
25%
Guinea-BissauGabu
25%
AzerbaijanGadabay
25%
TunisiaGafsa
25%
SamoaGaga'emauga
25%
SamoaGaga'ifomauga
25%
MoldovaGagauzia
25%
RomaniaGalati
25%
SpainGalicia
25%
SomaliaGalmudug
25%
EthiopiaGambela
25%
LiechtensteinGamprin
25%
NepalGandaki
25%
South KoreaGangwon
25%
AzerbaijanGanja
25%
MaliGao
25%
IcelandGardabaer
25%
KenyaGarissa
25%
BhutanGasa
25%
EritreaGash-Barka
25%
South AfricaGauteng
25%
SwedenGavleborg
25%
MozambiqueGaza
25%
TurkiyeGaziantep
25%
North MacedoniaGazi Baba
25%
LiberiaGbarpolu
25%
Ivory CoastGbeke
25%
Ivory CoastGbokle
25%
ArmeniaGegharkunik
25%
TanzaniaGeita
25%
North MacedoniaGevgelija
25%
SudanGezira
25%
BotswanaGhanzi
25%
EgyptGharbia
25%
AlgeriaGhardaia
25%
LibyaGhat
25%
AfghanistanGhor
25%
VietnamGia Lai
25%
United KingdomGibraltar
25%
JapanGifu
25%
Iran | KosovoGilan
25%
PakistanGilgit-Baltistan
25%
TurkiyeGiresun
25%
RomaniaGiurgiu
25%
EgyptGiza
25%
KosovoGjakova
25%
AlbaniaGjirokaster
25%
North MacedoniaGjorce Petrov
25%
SeychellesGlacis
25%
SwitzerlandGlarus
25%
MoldovaGlodeni
25%
IndiaGoa
25%
AzerbaijanGobustan
25%
Ivory CoastGoh
25%
BrazilGoias
25%
IranGolestan
25%
UgandaGomba
25%
NigeriaGombe
25%
BelarusGomel
25%
Ivory CoastGontougo
25%
AzerbaijanGoranboy
25%
SloveniaGorenja Vas-Poljane
25%
MauritaniaGorgol
25%
SloveniaGorisnica
25%
RomaniaGorj
25%
SloveniaGorje
25%
SloveniaGornja Radgona
25%
SloveniaGornji Grad
25%
SloveniaGornji Petrovci
25%
IndonesiaGorontalo
25%
North MacedoniaGostivar
25%
SwedenGotland
25%
MongoliaGovi-Altai
25%
MongoliaGovisumber
25%
AzerbaijanGoychay
25%
AzerbaijanGoygol
25%
MaltaGozo
25%
HondurasGracias a Dios
25%
SloveniaGrad
25%
North MacedoniaGradsko
25%
HaitiGrand'Anse
25%
SeychellesGrand'Anse Mahe
25%
SeychellesGrand'Anse Praslin
25%
LiberiaGrand Bassa
25%
LiberiaGrand Cape Mount
25%
BahamasGrand Cay
25%
ComorosGrande Comore
25%
FranceGrand Est
25%
LiberiaGrand Gedeh
25%
LiberiaGrand Kru
25%
Ivory CoastGrands-Ponts
25%
CubaGranma
25%
GhanaGreater Accra
25%
PolandGreater Poland
25%
BahamasGreen Turtle Cay
25%
LuxembourgGrevenmacher
25%
IcelandGrimsnes- og Grafningshreppur
25%
IcelandGrindavikurbaer
25%
SwitzerlandGrisons
25%
BelaursGrodno
25%
St. LuciaGros Islet
25%
SloveniaGrosuplje
25%
IcelandGrundarfjardarbaer
25%
IcelandGrytubakkahreppur
25%
Solomon IslandsGuadalcanal
25%
ColombiaGuainia
25%
ParaguayGuaira
25%
Costa RicaGuanacaste
25%
MexicoGuanajuato
25%
ChinaGuangdong
25%
ChinaGuangxi
25%
PortugalGuarda
25%
VenezuelaGuarico
25%
ColombiaGuaviare
25%
EcuadorGuayas
25%
AlgeriaGuelma
25%
MoroccoGuelmim-Oued Noun
25%
Ivory CoastGuemon
25%
ChadGuera
25%
United KingdomGuernsey
25%
MexicoGuerrero
25%
MauritaniaGuidimaka
25%
ChinaGuizhou
25%
IndiaGujarat
25%
LatviaGulbene
25%
UgandaGulu
25%
TurkiyeGumushane
25%
PanamaGuna Yala
25%
JapanGunma
25%
GeorgiaGuria
25%
MontenegroGusinje
25%
South KoreaGwangju
25%
South KoreaGyeonggi
25%
HungaryGyor-Moson-Sopron
25%
AfghanistanGhazni
0%
TajikistanGorno-Badakhshan
0%

Score Distribution

Percentile by Number Answered

Percent of People with Each Score

Your Score History

You have not taken this quiz since the last reset